000
00409nam a2200145Ia 4500
008
100204s9999 xx 000 0 und d
082
_b
11707
100
_a
रानडे जयंत
245
_a
फितूर
260
_b
"रावजी प्रकाशन , डोंबिवली"
_c
1989
300
_a
184
630
_a
फितूर
730
_a
फितूर
942
_c
BOOK
999
_c
456119
_d
456116